<?xml version="1.0" encoding="UTF-8"?>
<record
    xmlns:xsi="http://www.w3.org/2001/XMLSchema-instance"
    xsi:schemaLocation="http://www.loc.gov/MARC21/slim http://www.loc.gov/standards/marcxml/schema/MARC21slim.xsd"
    xmlns="http://www.loc.gov/MARC21/slim">

  <leader>02079    a2200265   4500</leader>
  <controlfield tag="001">40482</controlfield>
  <controlfield tag="005">20260407155659.0</controlfield>
  <controlfield tag="008">260407a2014    arg                 spa d</controlfield>
  <controlfield tag="003">AR-UNSa-BCEJYS</controlfield>
  <datafield tag="040" ind1=" " ind2=" ">
    <subfield code="a">AR-UNSa-BCEJYS</subfield>
    <subfield code="b">spa</subfield>
    <subfield code="c">AR-UNSa-BCEJYS</subfield>
  </datafield>
  <datafield tag="080" ind1=" " ind2=" ">
    <subfield code="a">657</subfield>
    <subfield code="x">Contabilidad</subfield>
  </datafield>
  <datafield tag="245" ind1="1" ind2="0">
    <subfield code="a">Normas contables para entes cooperativos</subfield>
    <subfield code="p">an&#xE1;lisis y aplicaci&#xF3;n de la Resoluci&#xF3;n T&#xE9;cnica N&#xBA; 24 de la FACPACE y sus normas complementarias (incluyendo la aplicaci&#xF3;n de las RT N&#xBA; 6,31,36 y 40 en estas entidades)</subfield>
  </datafield>
  <datafield tag="020" ind1=" " ind2=" ">
    <subfield code="a">978-987-716-020-8</subfield>
  </datafield>
  <datafield tag="250" ind1=" " ind2=" ">
    <subfield code="a">2a. ed.</subfield>
  </datafield>
  <datafield tag="264" ind1=" " ind2="1">
    <subfield code="a">Buenos Aires :</subfield>
    <subfield code="b">Osmar D. Buyatti</subfield>
    <subfield code="c">2014</subfield>
  </datafield>
  <datafield tag="300" ind1=" " ind2=" ">
    <subfield code="a">332 p.</subfield>
    <subfield code="c">22 cm.</subfield>
  </datafield>
  <datafield tag="505" ind1=" " ind2=" ">
    <subfield code="a">1. El contexto normativo vigente para las cooperativas - 2. Conceptos previos e introductorios al estudio de las normas de la RT24 - 3. Normas comunes a todos los estados contables - 4. Estado de situaci&#xF3;n patrimonial - 5. Estado de resultados - 6. Estado de evoluci&#xF3;n del patrimonio neto - 7. Estado de flujo de efectivo - 8. Contenido de la informaci&#xF3;n complementaria en los entes cooperativos - 9. Otras cuestiones contempladas por la RT 24 - 10. Normas de la Resoluci&#xF3;n 247/09 del INAES, complementarias de las de la RT 24 - 11. Caso pr&#xE1;ctico integral de aplicaci&#xF3;n de la RT 24 y otras normas que la complementan - 13. Prepaci&#xF3;n de estados contables en moneda homog&#xE9;nea en las cooperativas - 14. Aplicaci&#xF3;n del modelo de revaluci&#xF3;n en las cooperativas - 15. Medici&#xF3;n contable de los t&#xED;tulos cooperativos de capitalizaci&#xF3;n - 16. El balance social en las cooperativas - aplicaci&#xF3;n de la RT 36 - 17. RT 40: cambios en normas contables de exposici&#xF3;n - 18. Cuestionario de repaso</subfield>
  </datafield>
  <datafield tag="041" ind1=" " ind2=" ">
    <subfield code="a">spa</subfield>
  </datafield>
  <datafield tag="942" ind1=" " ind2=" ">
    <subfield code="c">BK</subfield>
  </datafield>
  <datafield tag="590" ind1=" " ind2=" ">
    <subfield code="a">niveau_biblio:m niveau_hierar:0</subfield>
  </datafield>
  <datafield tag="100" ind1="1" ind2=" ">
    <subfield code="a">Torres, Carlos Federico</subfield>
  </datafield>
  <datafield tag="650" ind1=" " ind2=" ">
    <subfield code="a">RESOLUCION TECNICA N&#xBA; 24
RESOLUCION TECNICA N&#xBA; 36
RESOLUCION TECNICA N&#xBA; 40</subfield>
  </datafield>
  <datafield tag="856" ind1="4" ind2="1">
    <subfield code="u">https://biblioeco.unsa.edu.ar/pmb/images/libros/L125989.jpg</subfield>
    <subfield code="y">Imagen de portada</subfield>
    <subfield code="q">image/jpeg</subfield>
  </datafield>
  <datafield tag="650" ind1=" " ind2=" ">
    <subfield code="a"> resolucion tecnica n&#xBA; 24 resolucion tecnica n&#xBA; 36 resolucion tecnica n&#xBA; 40 </subfield>
  </datafield>
  <datafield tag="999" ind1=" " ind2=" ">
    <subfield code="c">3233</subfield>
    <subfield code="d">3233</subfield>
  </datafield>
  <datafield tag="952" ind1=" " ind2=" ">
    <subfield code="0">0</subfield>
    <subfield code="1">0</subfield>
    <subfield code="4">0</subfield>
    <subfield code="7">0</subfield>
    <subfield code="a">BCEJYS</subfield>
    <subfield code="b">BCEJYS</subfield>
    <subfield code="c">16</subfield>
    <subfield code="d">2026-04-07</subfield>
    <subfield code="l">0</subfield>
    <subfield code="o">657 T689e 2ed.</subfield>
    <subfield code="p">L125989</subfield>
    <subfield code="r">2026-04-07 15:56:59</subfield>
    <subfield code="w">2026-04-07</subfield>
    <subfield code="y">L</subfield>
    <subfield code="z">PARTIDO EN P&#xC1;GINA 156</subfield>
  </datafield>
  <datafield tag="952" ind1=" " ind2=" ">
    <subfield code="0">0</subfield>
    <subfield code="1">0</subfield>
    <subfield code="4">0</subfield>
    <subfield code="7">0</subfield>
    <subfield code="a">BCEJYS</subfield>
    <subfield code="b">BCEJYS</subfield>
    <subfield code="c">16</subfield>
    <subfield code="d">2026-04-07</subfield>
    <subfield code="l">0</subfield>
    <subfield code="o">657 T689e 2ed.</subfield>
    <subfield code="p">L125990</subfield>
    <subfield code="r">2026-04-07 15:56:59</subfield>
    <subfield code="w">2026-04-07</subfield>
    <subfield code="y">L</subfield>
    <subfield code="z">CANTO MANCHADO - PARTIDO EN P&#xC1;G 174 - P&#xC1;G 175 ARRUGADA - HOJA 12 Y 13 CON MANCHA - &#xDA;LTIMA HOJA UN POCO SUELTA</subfield>
  </datafield>
  <datafield tag="952" ind1=" " ind2=" ">
    <subfield code="0">0</subfield>
    <subfield code="1">0</subfield>
    <subfield code="4">0</subfield>
    <subfield code="7">0</subfield>
    <subfield code="a">BCEJYS</subfield>
    <subfield code="b">BCEJYS</subfield>
    <subfield code="c">16</subfield>
    <subfield code="d">2026-04-07</subfield>
    <subfield code="l">0</subfield>
    <subfield code="o">657 T689e 2ed.</subfield>
    <subfield code="p">L125991</subfield>
    <subfield code="r">2026-04-07 15:56:59</subfield>
    <subfield code="w">2026-04-07</subfield>
    <subfield code="y">L</subfield>
  </datafield>
  <datafield tag="952" ind1=" " ind2=" ">
    <subfield code="0">0</subfield>
    <subfield code="1">0</subfield>
    <subfield code="4">0</subfield>
    <subfield code="7">0</subfield>
    <subfield code="a">BCEJYS</subfield>
    <subfield code="b">BCEJYS</subfield>
    <subfield code="c">16</subfield>
    <subfield code="d">2026-04-07</subfield>
    <subfield code="l">0</subfield>
    <subfield code="o">657 T689e 2ed.</subfield>
    <subfield code="p">L126753</subfield>
    <subfield code="r">2026-04-07 15:56:59</subfield>
    <subfield code="w">2026-04-07</subfield>
    <subfield code="y">L</subfield>
    <subfield code="z">P&#xC1;G 80 CN MANCHA VERDE - HOJAS UN POCO SUELTAS (1 A 98)</subfield>
  </datafield>
  <datafield tag="952" ind1=" " ind2=" ">
    <subfield code="0">0</subfield>
    <subfield code="1">0</subfield>
    <subfield code="4">0</subfield>
    <subfield code="7">0</subfield>
    <subfield code="a">BCEJYS</subfield>
    <subfield code="b">BCEJYS</subfield>
    <subfield code="c">16</subfield>
    <subfield code="d">2026-04-07</subfield>
    <subfield code="l">0</subfield>
    <subfield code="o">657 T689e 2ed.</subfield>
    <subfield code="p">L126754</subfield>
    <subfield code="r">2026-04-07 15:56:59</subfield>
    <subfield code="w">2026-04-07</subfield>
    <subfield code="y">L</subfield>
    <subfield code="z"> HOJA 331 SUELTA</subfield>
  </datafield>
  <datafield tag="952" ind1=" " ind2=" ">
    <subfield code="0">0</subfield>
    <subfield code="1">0</subfield>
    <subfield code="4">0</subfield>
    <subfield code="7">0</subfield>
    <subfield code="a">BCEJYS</subfield>
    <subfield code="b">BCEJYS</subfield>
    <subfield code="c">16</subfield>
    <subfield code="d">2026-04-07</subfield>
    <subfield code="l">0</subfield>
    <subfield code="o">657 T689e 2ed.</subfield>
    <subfield code="p">L126755</subfield>
    <subfield code="r">2026-04-07 15:56:59</subfield>
    <subfield code="w">2026-04-07</subfield>
    <subfield code="y">L</subfield>
    <subfield code="z">CANTO SUPERIOR E INFERIOR CON MANCHAS - PRIMERAS P&#xC1;GINAS UN POCO SUELTAS - L&#xC1;PIZ EN P&#xC1;G 53 - P&#xC1;G 16 CON MANCHA AMARILLA</subfield>
  </datafield>
  <datafield tag="952" ind1=" " ind2=" ">
    <subfield code="0">0</subfield>
    <subfield code="1">0</subfield>
    <subfield code="4">0</subfield>
    <subfield code="7">0</subfield>
    <subfield code="a">BCEJYS</subfield>
    <subfield code="b">BCEJYS</subfield>
    <subfield code="c">16</subfield>
    <subfield code="d">2026-04-07</subfield>
    <subfield code="l">0</subfield>
    <subfield code="o">657 T689e 2ed.</subfield>
    <subfield code="p">L126756</subfield>
    <subfield code="r">2026-04-07 15:56:59</subfield>
    <subfield code="w">2026-04-07</subfield>
    <subfield code="y">L</subfield>
    <subfield code="z">PARTIDO EN P&#xC1;G 106 - P&#xC1;G 1 A 14 UN POCO SUELTAS - CANTO CON MANCHA NEGRA</subfield>
  </datafield>
  <datafield tag="952" ind1=" " ind2=" ">
    <subfield code="0">0</subfield>
    <subfield code="1">0</subfield>
    <subfield code="4">0</subfield>
    <subfield code="7">0</subfield>
    <subfield code="a">BCEJYS</subfield>
    <subfield code="b">BCEJYS</subfield>
    <subfield code="c">16</subfield>
    <subfield code="d">2026-04-07</subfield>
    <subfield code="l">0</subfield>
    <subfield code="o">657 T689e 2ed.</subfield>
    <subfield code="p">L126757</subfield>
    <subfield code="r">2026-04-07 15:56:59</subfield>
    <subfield code="w">2026-04-07</subfield>
    <subfield code="y">L</subfield>
    <subfield code="z">P&#xC1;G 1 A 75 UN POCO SUELTAS (INFERIOR) - P&#xC1;G 305 SUELTA - PARTIDO P&#xC1;G 168</subfield>
  </datafield>
</record>
